000
00243pam a2200121 a 4500
020
_c
041
_h
245
_a
Sustainable Development in Fragile Environment
260
_c
1995
300
_a
122
653
_a
Environment
930
_a
916
999
_c
246769
_d
246769